000 01383nam a2200301 i 4500
001 47413
003 ES-MaACL
005 20250727004336.0
007 t|
008 030423s1841 fr ||||1| lat d
100 1 _aHesíodo.
_963451
245 1 0 _aHesiodou Poiemata
_b: = Hesiodi Carmina /
_cgraece et latine cum indicibus nominum et rerum edidit F. S. Lehrs; Asii, Pisandri, Panyasidis, Choerili, Antimachi fragmenta cun commentariis aliorum et suis adjecit Fridericus Dübner.
260 _aParisiis :
_bAmbrosio Firmin Didot,
_c1841.
300 _aXV, 88, 131, 11, 13, 184, 18 40, II, 55 p. ;
_c26 cm.
500 _aTexto paralelo en griego y latín a dos col.
505 8 _aContiene además: Apollonii Argonautica (131p.)-- Musaei carmen de Herone et Leandro (11p.) -- Coluthi Raptus Helenae (13 p.) -- Quinti Posthomerica (184 p.)-- Tryphiodori Excidium ilii (18 p.)-- Tzetzae Antehomerica (40 p.) -Assi, Pisandri, Panyasisdis, Choerili et Antimachi (2, II, 55 p.)
700 1 _aLehrs, F. S.
_971361
700 1 _aDübner, Friedrich (
_d1802-1867)
_9149228
700 0 _aApolonio de Rodas
_922100
700 1 _aMuseo.
_984675
700 1 _aColuto.
_939914
700 1 _aQuinto de Esmirna.
_994740
700 1 _aTrifiodoro.
_9111403
700 1 _aTzetzes, Joannes.
_9111814
740 0 _aHesiodi Carmina.
852 _aES-MaACL
_jB-2459
999 _c47413
_d47413